000 00526nam a2200181Ia 4500
008 230718s9999 xx 000 0 und d
020 _a9788121916660
041 _aeng
082 _a620.106
_bRAJ
100 _aRajput R.K.
_9137180
245 _aTextbook Of Fluid Mechanics And Hydraulic Machines In SI Units
250 _aRevised ed.
260 _c2014
_bS.Chand & Company
300 _a1526
365 _cRs.
_b850.00
700 _aRajput R.K.
_9137180
906 _dO:0463811-Sep-2015B:SE/SI/213227-Aug-2015
_cMECH
_b935
999 _c340331
_d340331